00675nam a2200205 a 450000100060000000300090000600800410001502000150005604000280007108200090009910000450010824500490015326000310020230000080023349000290024159001360027065000340040694200120044099900170045221344CO-ViMGA141112s2004 ck r 000 u spa d a8408060007 aCO-ViMGAbspacCO-ViMGA aLEWu1 aLewis, Clive Stapler; Gallart, Gemma Tr.10aLa última Batalla (las cronicas de Narnia) aBarcelona; Planeta, c2005 a280 aLas crónicas de Narnia aForma de adquisición : Compra fact. 0862 - - Precio : 33000 - - Proveedor : Temas y libros - - Fecha de adquisición : Mayo 200714aNOVELA INFANTIL INGLESA92809 2ddccBK c10975d10975